000 00683nam a22002417a 4500
001 sjds170114
003 sjds
005 20170630153035.0
008 170630b sp||||| |||| 00| 0 spa d
020 _a9788420740072 (pbk.)
020 _a8420740071 (pbk.)
040 _csjds
041 _aspa
100 1 _aSalariya, David
245 1 0 _aCon los vikingos de Leif Ericson
_c David Salariya; Nicholas Hewetson.
246 _aEl tunel del tiempo con los vikingos de Leif Ericson
260 _aMadrid :
_bAnaya ,
_c1991
300 _a 31 p. :
_bil. col. ;
_c27 cm
490 _aEl tĂșnel del tiempo
650 _aVikingos.
700 1 _aHewetson, Nicolas
942 _2ddc
_cBK
999 _c17962
_d17962